F1 2012 GRID - Statistics

General Stats
  • This quiz has been taken 102 times
  • The average score is 18 of 25
Answer Stats
Team Driver % Correct
Red Bull Racing Renault Sebastian Vettel
99%
Lotus Renault Kimi Raikkonen
97%
McLaren Mercedes Lewis Hamilton
97%
Mercedes Nico Rosberg
97%
Ferrari Fernando Alonso
95%
McLaren Mercedes Jenson Button
95%
Red Bull Racing Renault Mark Webber
95%
Ferrari Felipe Massa
94%
Mercedes Michael Schumacher
94%
Sauber Ferrari Sergio Perez
87%
Force India Mercedes Nico Hulkenberg
86%
Toro Rosso Daniel Ricciardo
83%
Lotus Renault Romain Grosjean
77%
Williams Renault Pastor Maldonado
64%
Sauber Ferrari Kamui Kobayashi
62%
Caterham Renault Heikki Kovalainen
53%
HRT Cosworth Pedro de la Rosa
53%
Force India Mercedes Paul di Resta
51%
Williams Renault Bruno Senna
47%
Toro Rosso Jean Eric Vergne
47%
Marussia Cosworth Charles Pic
46%
Marussia Cosworth Timo Glock
45%
HRT Cosworth Narain Karthikeyan
44%
Caterham Renault Vitaly Petrov
44%
Lotus Renault Jerome D'Ambrosio
29%
No matching quizzes found
Score Distribution
Percent of People with Each Score
Percentile by Number Answered
Your Score History
You have not taken this quiz